| 000 | 00391cam a22001578a 4500 | ||
|---|---|---|---|
| 020 | _a0688121004 | ||
| 040 | _cDLC | ||
| 082 | _a813 KCD 1992 C144 Or. | ||
| 100 | 1 | _aSheldon, Sidney. | |
| 245 | 1 | 4 | _aThe stars shine down |
| 250 | _aLarge print ed. | ||
| 260 |
_aNew York : _bW. Morrow, _c1992. |
||
| 300 |
_a558 p. (large print) ; _c25 cm. |
||
| 650 | 0 | _aLarge type books. | |
| 942 | _cAEDBB | ||
| 999 |
_c18417 _d18417 |
||